Without conscience: the disturbing world of the psychopaths among us
| Main Author: | |
|---|---|
| Format: | Print Book |
| Language: | English |
| Published: |
New York [u.a.]
Guilford Press
1999
|
| In: | Year: 1999 |
| Online Access: |
Contributor biographical information Publisher description Sample text Table of contents |
| Availability in Tübingen: | Present in Tübingen. UB: KB 19 A 9500 |
| Check availability: | HBZ Gateway |
| Subito Delivery Service: | Order now. |
| Keywords: |
MARC
| LEADER | 00000cam a2200000 c 4500 | ||
|---|---|---|---|
| 001 | 252403320 | ||
| 003 | DE-627 | ||
| 005 | 20251222211150.0 | ||
| 007 | tu | ||
| 008 | 981209s1999 xxu||||| 00| ||eng c | ||
| 010 | |a 98051786 | ||
| 020 | |a 1572304510 |c pbk. : alk. paper |9 1-57230-451-0 | ||
| 020 | |a 1572304510 |c (pbk.) |9 1-57230-451-0 | ||
| 035 | |a (DE-627)252403320 | ||
| 035 | |a (DE-576)102632111 | ||
| 035 | |a (DE-599)GBV252403320 | ||
| 035 | |a (OCoLC)246339945 | ||
| 035 | |a (OCoLC)40397079 | ||
| 040 | |a DE-627 |b ger |c DE-627 |e rakwb | ||
| 041 | |a eng | ||
| 044 | |c XD-US |c XA-GB | ||
| 050 | 0 | |a RC555 | |
| 050 | 0 | |a RC555.H365 1998 | |
| 082 | 0 | |a 616.8582 | |
| 082 | 0 | |a 616.85/82 | |
| 084 | |a PH 9020 |2 rvk |0 (DE-625)rvk/136530: | ||
| 100 | 1 | |a Hare, Robert D. |d 1934- |0 (DE-588)124268803 |0 (DE-627)085749745 |0 (DE-576)161305415 |4 aut | |
| 109 | |a Hare, Robert D. 1934- |a Hare, Robert 1934- |a Hare, Robert Douglas 1934- |a Hare, R. D. 1934- | ||
| 245 | 1 | 0 | |a Without conscience |b the disturbing world of the psychopaths among us |c Robert D. Hare |
| 264 | 1 | |a New York [u.a.] |b Guilford Press |c 1999 | |
| 300 | |a XIII, 236 S |c 21 cm | ||
| 336 | |a Text |b txt |2 rdacontent | ||
| 337 | |a ohne Hilfsmittel zu benutzen |b n |2 rdamedia | ||
| 338 | |a Band |b nc |2 rdacarrier | ||
| 500 | |a Originally published: New York : Pocket Books, 1995 | ||
| 500 | |a Includes bibliographical references (p. 221-236) | ||
| 583 | 1 | |a Archivierung prüfen |c 20200919 |f DE-640 |z 2 |2 pdager | |
| 650 | 0 | |a Antisocial personality disorders | |
| 650 | 0 | |a Psychopaths | |
| 689 | 0 | 0 | |d s |0 (DE-588)4133263-5 |0 (DE-627)105681466 |0 (DE-576)209642432 |a Abnorme Persönlichkeit |2 gnd |
| 689 | 0 | 1 | |d s |0 (DE-588)4033197-0 |0 (DE-627)106258532 |0 (DE-576)209000562 |a Kriminologie |2 gnd |
| 689 | 0 | |5 (DE-627) | |
| 689 | 1 | 0 | |d s |0 (DE-588)4133261-1 |0 (DE-627)105681474 |0 (DE-576)209642416 |a Psychopathie |2 gnd |
| 689 | 1 | 1 | |d s |0 (DE-588)4033197-0 |0 (DE-627)106258532 |0 (DE-576)209000562 |a Kriminologie |2 gnd |
| 689 | 1 | |5 (DE-627) | |
| 856 | 4 | 2 | |u http://www.loc.gov/catdir/bios/guilford051/98051786.html |x Verlag |y Contributor biographical information |7 1 |
| 856 | 4 | 2 | |u http://www.loc.gov/catdir/description/guilford051/98051786.html |x Verlag |y Publisher description |7 1 |
| 856 | 4 | 2 | |u http://www.loc.gov/catdir/toc/guilford041/98051786.html |x Verlag |y Table of contents |7 1 |
| 856 | 4 | 2 | |u http://www.loc.gov/catdir/enhancements/fy0653/98051786-s.html |x Verlag |y Sample text |7 1 |
| 935 | |i Blocktest | ||
| 936 | r | v | |a PH 9020 |b Strafjustiz; Strafverfahren; Rechtsmedizin; Gerichtlicher Sachverständiger; Gerichtliche Psychiatrie; Kriminalpsychiatrie; Gerichtliche Psychologie; Aussagepsychologie |k Rechtswissenschaft |k Strafrecht, Strafverfahrensrecht, Kriminologie |k Kriminologie |k Strafverfahren und Strafvollzug; Empirische Bezugswissenschaften zur Kriminalrechtspflege; Forschung zu strafrechtlicher Sozialkontrolle |k Strafjustiz; Strafverfahren; Rechtsmedizin; Gerichtlicher Sachverständiger; Gerichtliche Psychiatrie; Kriminalpsychiatrie; Gerichtliche Psychologie; Aussagepsychologie |0 (DE-627)1271677156 |0 (DE-625)rvk/136530: |0 (DE-576)201677156 |
| 951 | |a BO | ||
| ELC | |b 1 | ||
| LOK | |0 000 xxxxxcx a22 zn 4500 | ||
| LOK | |0 001 3088459848 | ||
| LOK | |0 003 DE-627 | ||
| LOK | |0 004 252403320 | ||
| LOK | |0 005 20030109000000 | ||
| LOK | |0 008 030109||||||||||||||||ger||||||| | ||
| LOK | |0 040 |a DE-21 |c DE-627 |d DE-21 | ||
| LOK | |0 852 |a DE-21 | ||
| LOK | |0 852 1 |c KB 19 A 9500 |9 00 | ||
| LOK | |0 935 |a krim | ||
| LOK | |0 936ln |a k8.6.4 | ||
| LOK | |0 939 |a 09-01-03 |b l01 | ||
| ORI | |a SA-MARC-krimdoka001.raw | ||
| SIG | |a UB: KB 19 A 9500 | ||
